Kncha matir gundha (Record no. 3707)

MARC details
000 -LEADER
fixed length control field 00455cam a2200181ua 4500
008 - FIXED-LENGTH DATA ELEMENTS--GENERAL INFORMATION
fixed length control field 111208n ii |||gr||||Z||||||asm
040 ## - CATALOGING SOURCE
Transcribing agency MAIN
082 ## - DEWEY DECIMAL CLASSIFICATION NUMBER
Classification number 891.4511
100 ## - MAIN ENTRY--PERSONAL NAME
Personal name Sarmah, Bibhuti Kumar,
245 11 - TITLE STATEMENT
Title Kncha matir gundha
Statement of responsibility, etc. by Bibhuti Kumar Sarmah
250 ## - EDITION STATEMENT
Edition statement 1st.
260 ## - PUBLICATION, DISTRIBUTION, ETC.
Place of publication, distribution, etc. Duliajan:
Name of publisher, distributor, etc. Bhaskar jyoti sarmah,
Date of publication, distribution, etc. 2002.
300 ## - PHYSICAL DESCRIPTION
Extent 58p:
Dimensions 23cm.
942 ## - ADDED ENTRY ELEMENTS (KOHA)
Koha item type Books
653 ## - INDEX TERM--UNCONTROLLED
Uncontrolled term Assamese poem
653 ## - INDEX TERM--UNCONTROLLED
Uncontrolled term Kncha matir gundha
Holdings
Withdrawn status Lost status Damaged status Not for loan Home library Current library Shelving location Date acquired Total Checkouts Full call number Barcode Date last seen Copy number Price effective from Koha item type
        Naharkatiya College Library Naharkatiya College Library General Stacks 19/09/2020   891.4511 | SAR 9432 19/09/2020 1 19/09/2020 Books
        Naharkatiya College Library Naharkatiya College Library General Stacks 19/09/2020   891.4511 | SAR 9436 19/09/2020 2 19/09/2020 Books

Naharkatiya College © 2020. All rights reserved.

Powered By